000 00735cam a22002055a 4500
001 L154852
008 120124s1913 xxk f 000 0 eng d
035 _a(Sirsi) u154852
041 0 _aeng
050 0 4 _a526.98 $2 18
100 1 _aWinterbotham, H. St. J. L.
245 0 3 _aAn investigation into the accuracy of the principal triangulation of the United Kingdom
260 _aLondon
_bHMSO
_c1913
300 _a20p.
_bill.
_c31cm.
490 0 _aOrdnance Survey Professional Papers
_v(2) new series
520 _aLooks at the accuracy of the principal triangulation of the UK, carried out from 1783 to 1853, through a test triangulation in Morayshire.
651 4 _aUnited Kingdom
_y
690 _aMeasurement
_96256
942 _n0
999 _c113197
_d113197